000 00590nam a2200241Ia 4500
003 OSt
005 20220912152131.0
006 a|||||r|||| 00| 0
007 ta
008 220909b |||||||| |||| 00| 0 eng d
024 _a58978
037 _cTextual
040 _aCSL
_beng
_cCSL
041 _aeng
082 _aC216, K71 CS
100 _aKnight C A
245 0 _aFreezing of supercooled liquids
260 _c1967
300 _ap.
_ccm.
650 _aCrystals
942 _hC216, K71 CS
_cTEXL
_2CC
999 _c81237
_d81237